000 00662nam a2200217Ii 4500
001 11787
003 CO-ViMGA
008 241108s9999||||xx |||||||||||||| ||und||
020 _a9586910792
040 _aCO-ViMGA
_bspa
_erda
_cCO-ViMGA
041 0 _aspa
082 0 4 _a306.8743 M665
110 1 _aMinisterio de Educación Nacional,
_924
245 1 0 _aPautas y prácticas de crianza en veintitrés regiones del país
264 1 _aBogotá, Colombia : Punto Exe, 2000
300 _avolumen
336 _atext
_btxt
_2rdacontent
337 _aunmediated
_bn
_2rdamedia
338 _avolume
_bnc
_2rdacarrier
940 _aidficha_siabuc: 11508. -- ficha_no_siabuc:11787
999 _c48399
_d48399